Managing innovation

Bewaard in:
Bibliografische gegevens
Hoofdauteur: Gee, Edwin A.
Formaat: Boek
Taal:Undetermined
Gepubliceerd in: New York John Wiley & Sons 1976
Onderwerpen:
Tags: Voeg label toe
Geen labels, Wees de eerste die dit record labelt!
Thư viện lưu trữ: Trung tâm Học liệu Trường Đại học Cần Thơ
LEADER 00455nam a2200169Ia 4500
001 CTU_78075
008 210402s9999 xx 000 0 und d
082 |a 658.4 
082 |b G297 
100 |a Gee, Edwin A. 
245 0 |a Managing innovation 
245 0 |c Edwin A. Gee 
260 |a New York 
260 |b John Wiley & Sons 
260 |c 1976 
650 |a Management,Technological innovations 
980 |a Trung tâm Học liệu Trường Đại học Cần Thơ